Travels amongst the great Andes of the Equator.
Đã lưu trong:
| Tác giả chính: | |
|---|---|
| Định dạng: | Sách |
| Ngôn ngữ: | Tiếng Anh |
| Được phát hành: |
London, England, United Kingdom
John Murray
1892
|
| Phiên bản: | Segunda edición. |
| Những chủ đề: | |
| Các nhãn: |
Thêm thẻ
Không có thẻ, Là người đầu tiên thẻ bản ghi này!
|
MARC
| LEADER | 00000nam a2200000 a 4500 | ||
|---|---|---|---|
| 001 | UCJ4247 | ||
| 003 | CL-VaPUC | ||
| 005 | 20250227100118.0 | ||
| 008 | 070124e18920000UK |||||||||||||||||eng|d | ||
| 999 | |c 320364 |d 320362 | ||
| 040 | |c Pontificia Universidad Católica de Valparaíso | ||
| 082 | 0 | 4 | |a 910.4 WHY 1892 |2 21 |
| 100 | 0 | |a Whymper, Edward |9 507517 | |
| 245 | 1 | 0 | |a Travels amongst the great Andes of the Equator. |
| 250 | |a Segunda edición. | ||
| 260 | 0 | 3 | |a London, England, United Kingdom |b John Murray |c 1892 |
| 300 | |a 456 páginas. | ||
| 500 | |a Front.: Veinte láminas y numerosas ilustraciones en el texto; mapas conforme a lo señalado en índice | ||
| 583 | |a last modification |c 20131003 04:42:36 |k Rodrigo Vera | ||
| 600 | 0 | 7 | |a CORDILLERA DE LOS ANDES |2 CL-VaPUC |9 357907 |
| 600 | 0 | 7 | |a VOLCAN CHIMBORAZO |2 CL-VaPUC |9 507518 |
| 600 | 0 | 7 | |a VOLCAN COTOPAXI |2 CL-VaPUC |9 507519 |
| 650 | 0 | |a Viajes |9 257115 | |
| 650 | 0 | |a Aborígenes |9 329972 | |
| 650 | 0 | |a Andinismo |9 506022 | |
| 650 | 0 | |a Flora y fauna |9 338564 | |
| 650 | 0 | |a Arqueología |9 265619 | |
| 650 | 0 | |a Mapas |9 260844 | |
| 650 | 0 | |a Ilustraciones |9 369481 | |
| 650 | 0 | |a Iconografía |9 267998 | |
| 651 | 0 | |a Ecuador |9 258378 | |
| 942 | |c BK |2 ddc | ||
| 945 | |d 20070124 00:00:00 |a rinostro | ||
| 952 | |0 0 |1 0 |2 ddc |4 0 |6 910_400000000000000_WHY_1892 |7 0 |8 X |9 398873 |a FDOBUD |b FDOBUD |d 2019-11-22 |i 1015958 |o 910.4 WHY 1892 |p 1015958 |r 2019-11-22 |t 1 |w 2019-11-22 |y BK_X |k BUD | ||